<?xml version="1.0" encoding="UTF-8"?>
<record
    xmlns:xsi="http://www.w3.org/2001/XMLSchema-instance"
    xsi:schemaLocation="http://www.loc.gov/MARC21/slim http://www.loc.gov/standards/marcxml/schema/MARC21slim.xsd"
    xmlns="http://www.loc.gov/MARC21/slim">

  <leader>00398nam a22001217a 4500</leader>
  <datafield tag="040" ind1=" " ind2=" ">
    <subfield code="c">NUST</subfield>
  </datafield>
  <datafield tag="082" ind1=" " ind2=" ">
    <subfield code="a">809.1,ANJ</subfield>
  </datafield>
  <datafield tag="100" ind1=" " ind2=" ">
    <subfield code="a">Anjam, Mahmud Ali </subfield>
    <subfield code="9">109749</subfield>
  </datafield>
  <datafield tag="245" ind1=" " ind2=" ">
    <subfield code="a">Payam-e Mashriq /&#x67E;&#x6CC;&#x627;&#x645; &#x645;&#x634;&#x631;&#x642; &#x6A9;&#x6CC; &#x627;&#x631;&#x62F;&#x648; &#x634;&#x631;&#x648;&#x62D; &#x648; &#x62A;&#x631;&#x627;&#x62C;&#x645; &#x6A9;&#x627; &#x62A;&#x62D;&#x642;&#x6CC;&#x642;&#x6CC; &#x62C;&#x627;&#x626;&#x632;&#x6C1; (Urdu) /</subfield>
    <subfield code="c">Mahmud Ali Anjam</subfield>
  </datafield>
  <datafield tag="260" ind1=" " ind2=" ">
    <subfield code="a">Lahore</subfield>
    <subfield code="b">Alfaisal Nashiran</subfield>
    <subfield code="c">2015</subfield>
  </datafield>
  <datafield tag="300" ind1=" " ind2=" ">
    <subfield code="a">654 p.;</subfield>
  </datafield>
  <datafield tag="942" ind1=" " ind2=" ">
    <subfield code="2">ddc</subfield>
    <subfield code="c">BK</subfield>
    <subfield code="k">809.1,ANJ</subfield>
  </datafield>
  <datafield tag="999" ind1=" " ind2=" ">
    <subfield code="c">593515</subfield>
    <subfield code="d">593515</subfield>
  </datafield>
  <datafield tag="952" ind1=" " ind2=" ">
    <subfield code="0">0</subfield>
    <subfield code="1">0</subfield>
    <subfield code="2">ddc</subfield>
    <subfield code="4">0</subfield>
    <subfield code="7">0</subfield>
    <subfield code="a">MCS</subfield>
    <subfield code="b">MCS</subfield>
    <subfield code="c">GEN</subfield>
    <subfield code="d">2023-03-03</subfield>
    <subfield code="l">1</subfield>
    <subfield code="o">809.1,ANJ</subfield>
    <subfield code="p">MCS37912</subfield>
    <subfield code="r">2025-11-17</subfield>
    <subfield code="s">2025-10-31</subfield>
    <subfield code="w">2023-03-03</subfield>
    <subfield code="y">BK</subfield>
    <subfield code="z">Almirah No.65, Shelf No.2</subfield>
  </datafield>
</record>
